LEADER 00924nam a2200205 i 4500 001 000000252243 003 CaOOAMICUS 005 20161216000000.0 008 161216s1870 it u000 u ita u 013 $a231148 040 $aSeMil$bita 100 1 $aBaroni, Clemente .$0(OLS)http://semarc/name/21078 245 13$aLa storia di Milano narrata a' giovinetti /$cdal sac. prof. Clemente Baroni. 260 $aMilano :$bDall'antica ditta Pietro e Giueseppe Vallardi,$c[1870] 300 $aXV, 254 p., [15] c. di tav. :$bill. ;$c14x20 cm. 650 4$aMilano - Storia.$0(OLS)http://semarc/subject/766 850 $aSeMil 852 $aSeMil$W1$xVenegono$y1$m3O I 41 FA$j202589$B202589$CSeMilBibl$Z2$F215339 $8I 996 $6245$aLa storia di Milano narrata a' giovinetti$9(OLS)http://semarc/title/354501 996 $6260$aMilano :$bDall'antica ditta Pietro e Giueseppe Vallardi$9(OLS)http://semarc/publisher/55493 LEADER 00996nam a2200217 i 4500 001 000000240930 003 CaOOAMICUS 005 20150416000000.0 008 150416s1874 it u000 u fre u 013 $a219835 040 $aSeMil$bita 100 1 $aHoussaye, Michel <1834-1880>.$0(OLS)http://semarc/name/81629 245 13$aLe père de Bérulle et l'Oratoire de Jésus, 1611-1625 /$cpar M. l'abbé Michel Houssaye. 260 $aParis :$bE. Plon & Cie,$c1874. 300 $a612 p., [2] c. di tav. :$bill. ;$c24 cm. 600 14$aBérulle, Pierre : de .$0(OLS)http://semarc/subject/6581 650 4$aOratorio di Gesù e Maria Immacolata di Francia.$0(OLS)http://semarc/subject/42323 850 $aSeMil 852 $aSeMil$W1$xVenegono$y1$m3E IV 5 FA$j191276$B191276$CSeMilBibl$Z2$F202098 $8I 996 $6245$aLe père de Bérulle et l'Oratoire de Jésus, 1611-1625$9(OLS)http://semarc/title/342530 996 $6260$aParis :$bE. Plon & Cie$9(OLS)http://semarc/publisher/54509